Normale Ansicht MARC-Ansicht ISBD

Schostka (Titelsatznr. 80312)

[ MARC ]
MARC-Details
000 -Satzkennung
Kontrollfeld mit fester Länge 00637nam a22001817a 4500
008 - Feld mit fester Länge zur physischen Beschreibung - Allgemeine Angaben
Kontrollfeld mit fester Länge 201208b ||||| |||| 00| 0 eng d
020 ## - Internationale Standardbuchnummer
Internationale Standardbuchnummer 978-966-96867-9-4
040 ## - Katalogisierungsquelle
Übertragungsstelle StAFF
Bearbeitungsstelle StAFF
041 ## - Sprachcode
Sprachcode des Textes/der Tonspur oder des separaten Titels Ukraninisch
245 ## - Titel
Titel Schostka
Zusatz zum Titel [шостка очима фотохудожника]
246 ## - Titelvarianten
Hauptsachtitel/Kurztitel Übers. d. HST.: Schostka: Durch die Augen eines Fotografen
260 ## - Publikation, Vertrieb usw. (Erscheinungsvermerk)
Erscheinungsort, Vertriebsort etc. Kiew:
Name des Verlags, des Vertriebs etc. Folprant,
Date of publication, distribution, etc 2014
300 ## - Physische Beschreibung
Umfang 191 Seiten :
Andere physische Details zahl. Ill.
500 ## - Allgemeine Fußnote
Allgemeine Fußnote Schostka ist die Partnerstadt von Slubice; Gastgeschenk bei Besuch in Frankfurt 2014
546 ## - Sprache
Sprache Ukrainisch; kyrillische Schrift
942 ## - Zusätzliche Felder (Koha)
Klassifikation oder Aufstellungssystematik Andere/Generische Klassifikation
Koha-Medientyp Bücher
Exemplare
Ausgeschieden Verloren Klassifikation oder Aufstellungssystematik Beschädigt Nicht entleihbar Permanenter Standort Aktueller Standort Aufstellungsort Erwerbungsdatum Kodierter Standort-Qualifier Anzahl Ausleihen Signatur Letzte Aktivität Exemplarnummer Preis gültig von Medientyp Allgemeine Bemerkungen
    Andere/Generische Klassifikation     Stadtarchiv Frankfurt (Oder) | Archivbibliothek Stadtarchiv Frankfurt (Oder) | Archivbibliothek Magazin 08/12/2020 M   IV: 1533 08/12/2020 184/2020 08/12/2020 Bücher Sprache: Ukrainisch